Estudios y proyectos de aerodromos

Bibliographic Details
Main Author: Saez Acosta, Tomas
Format: Section = Libro
Language:Undetermined
Spanish
Published: Caracas Pensamiento Vivo 1963
Subjects:
LEADER 00440nam a2200169Ia 4500
008 240829s9999 xx 000 0 und d
040 |a BIBLIOTECA-RUSB/ 629.136 S127 
041 |a spa 
082 |a 629.136 S127 
100 1 |a Saez Acosta, Tomas 
245 1 0 |a Estudios y proyectos de aerodromos 
260 |a Caracas  |b Pensamiento Vivo  |c 1963 
300 |a 103 p. :il. 
650 7 |a AEROPUERTOS-DISEÑO 
942 |c BK  |2 ddc 
991 |a TEXTO 
999 |c 3852